000 00721nam a22002177a 4500
999 _c167363
_d167363
005 20190829145231.0
010 _aENG-126362
020 _c950.00
_a978-93-8854-840-3
035 _aEN-109894
037 _bDBAD/PUB
082 _a349.554
100 _aRatanlal & Dhirajlal
245 _aThe Indian Penal Code
_c by Ratanlal & Dhirajlal
250 _a36th
260 _bPublished By LexisNexis
_c2019
_aGurgaon
270 _a14th Floor,Bulding No.10, Tower-B,DLF Cyber City, Phase-ll,
_bGurgaon
_e122002
_k011-1244774444
_mhelp.in@lexisnexis.com
_l011-1244774100
300 _axlix985p.
_c24cm(pbk)
700 _aEd. by Kannan,K
700 _aEd.by Prakash,Anjana
942 _2ddc
_cEN
_h349.554
_mIND